<?xml version='1.0' encoding='UTF-8'?>
  <record xmlns="http://www.loc.gov/MARC21/slim">
    <leader>00000cam a2200000 i 4500</leader>
    <controlfield tag="001">ocm64998640</controlfield>
    <controlfield tag="003">OCoLC</controlfield>
    <controlfield tag="005">20240805185021.1</controlfield>
    <controlfield tag="008">900111s1862    ne            000 0 dut d</controlfield>
    <datafield tag="040" ind1=" " ind2=" ">
      <subfield code="a">NLGGC</subfield>
      <subfield code="b">dut</subfield>
      <subfield code="e">fobidrtb</subfield>
      <subfield code="c">NLGGC</subfield>
      <subfield code="d">NLUKB</subfield>
      <subfield code="d">OCLCO</subfield>
      <subfield code="d">OCLCL</subfield>
      <subfield code="d">OCLCQ</subfield>
    </datafield>
    <datafield tag="019" ind1=" " ind2=" ">
      <subfield code="a">67520449</subfield>
    </datafield>
    <datafield tag="029" ind1="0" ind2=" ">
      <subfield code="a">NLGGC</subfield>
      <subfield code="b">059392975</subfield>
    </datafield>
    <datafield tag="035" ind1=" " ind2=" ">
      <subfield code="a">(OCoLC)64998640</subfield>
      <subfield code="z">(OCoLC)67520449</subfield>
    </datafield>
    <datafield tag="100" ind1="1" ind2=" ">
      <subfield code="a">Clercq, Maria de,</subfield>
      <subfield code="d">1834-1888.</subfield>
      <subfield code="1">https://id.oclc.org/worldcat/entity/E39PCjt9dXy6tprfmQtFWPDXMK</subfield>
    </datafield>
    <datafield tag="245" ind1="1" ind2="0">
      <subfield code="a">Wat? wordt het bij ulieden ongeloofelijk geoordeeld, dat God de dooden opwekt? :</subfield>
      <subfield code="b">betoog over I. Korinthe XV, uit de geschriften van eenen doctor in de godgeleerdheid /</subfield>
      <subfield code="c">opgemaakt door eene zijner jongere leerlingen.</subfield>
    </datafield>
    <datafield tag="260" ind1=" " ind2=" ">
      <subfield code="a">Rotterdam :</subfield>
      <subfield code="b">Mensing,</subfield>
      <subfield code="c">1862.</subfield>
    </datafield>
    <datafield tag="300" ind1=" " ind2=" ">
      <subfield code="a">II, XIV, 54 p. ;</subfield>
      <subfield code="c">23 cm.</subfield>
    </datafield>
    <datafield tag="336" ind1=" " ind2=" ">
      <subfield code="a">tekst</subfield>
      <subfield code="b">txt</subfield>
      <subfield code="2">rdacontent/dut</subfield>
    </datafield>
    <datafield tag="337" ind1=" " ind2=" ">
      <subfield code="a">zonder medium</subfield>
      <subfield code="b">n</subfield>
      <subfield code="2">rdamedia/dut</subfield>
    </datafield>
    <datafield tag="338" ind1=" " ind2=" ">
      <subfield code="a">band</subfield>
      <subfield code="b">nc</subfield>
      <subfield code="2">rdacarrier/dut</subfield>
    </datafield>
    <datafield tag="500" ind1=" " ind2=" ">
      <subfield code="a">Eenen doctor in de godgeleerdheid is: Hermann Friedrich Kohlbrügge.</subfield>
    </datafield>
    <datafield tag="500" ind1=" " ind2=" ">
      <subfield code="a">Eene zijner jongere leerlingen is: Maria de Clercq.</subfield>
    </datafield>
    <datafield tag="530" ind1=" " ind2=" ">
      <subfield code="a">Boek is gedigitaliseerd in 2014.</subfield>
    </datafield>
    <datafield tag="530" ind1=" " ind2=" ">
      <subfield code="a">Ook beschikbaar in microvorm.</subfield>
    </datafield>
    <datafield tag="530" ind1=" " ind2=" ">
      <subfield code="a">Titel is geselecteerd voor digitalisering voor de Universiteit van Amsterdam in het kader van het Google Books-project.</subfield>
    </datafield>
    <datafield tag="650" ind1=" " ind2="4">
      <subfield code="a">1 Kor. 15.</subfield>
    </datafield>
    <datafield tag="650" ind1=" " ind2="4">
      <subfield code="a">Kohlbrügge, H.F.</subfield>
      <subfield code="x">opstanding.</subfield>
    </datafield>
    <datafield tag="700" ind1="1" ind2=" ">
      <subfield code="a">Kohlbrügge, H.F.</subfield>
      <subfield code="q">(Hermann Friedrich),</subfield>
      <subfield code="d">1803-1875.</subfield>
      <subfield code="1">https://id.oclc.org/worldcat/entity/E39PBJvRWVkVx7BFthx6cymcfq</subfield>
    </datafield>
    <datafield tag="758" ind1=" " ind2=" ">
      <subfield code="a">Wat? wordt het bij ulieden ongeloofelijk geoordeeld, dat God de dooden opwekt? (Text)</subfield>
      <subfield code="1">https://id.oclc.org/worldcat/entity/E39PCFtRWBRdMyYwtCRvb7wCry</subfield>
      <subfield code="4">https://id.oclc.org/worldcat/ontology/hasWork</subfield>
    </datafield>
    <datafield tag="776" ind1="0" ind2=" ">
      <subfield code="t">Wat? wordt het bij ulieden ongeloofelijk geoordeeld, dat God de dooden opwekt?</subfield>
      <subfield code="w">(NL-LeOCL)395230098</subfield>
    </datafield>
    <datafield tag="776" ind1="0" ind2=" ">
      <subfield code="t">Wat? wordt het bij ulieden ongeloofelijk geoordeeld, dat God de dooden opwekt?</subfield>
      <subfield code="w">(NL-LeOCL)396700152</subfield>
    </datafield>
    <datafield tag="936" ind1=" " ind2=" ">
      <subfield code="a">BATCHLOAD</subfield>
    </datafield>
  </record>